[Event "Frankfurt Ch 2014"]
[Site "Ffm-Höchst, BiKuZ"]
[Date "2014.05.12"]
[Round "3.55"]
[White "Manasek, Martin"]
[Black "Bock, Mario"]
[Result "1-0"]
[WhiteElo "1334"]
[BlackElo "1575"]
[PlyCount "111"]
[EventDate "2014.??.??"]
[WhiteTeam "Bad Vilbeler Sfr. 1985"]
[BlackTeam "SF Frankfurt 1921"]

1. d4 Nf6 2. c4 e6 3. Nc3 d5 4. Nf3 Be7 5. e3 Nc6 6. Bd3 O-O 7. O-O b6 8. a3
Bb7 9. Qc2 Re8 10. cxd5 exd5 11. b4 Bf8 12. Bb2 a6 13. Rfe1 g6 14. Rac1 Bg7 15.
b5 Nb8 16. Ne2 c6 17. bxa6 Nxa6 18. Bxa6 Rxa6 19. Ne5 b5 20. Nd3 Nd7 21. Ng3
Bf8 22. Nc5 Nxc5 23. dxc5 Bg7 24. Bxg7 Kxg7 25. Qb2+ Kg8 26. Ra1 Qe7 27. Qc2
Rea8 28. Qc3 Ra4 29. Rec1 Rc4 30. Qb2 Qxc5 31. Rxc4 Qxc4 32. Qf6 Qc5 33. h4 h5
34. e4 Rxa3 35. Rxa3 Qxa3 36. Kh2 Qc5 37. e5 Qf8 38. e6 fxe6 39. Qxg6+ Qg7 40.
Qxe6+ Qf7 41. Qe3 Kh7 42. Qg5 Qg6 43. Qe7+ Qg7 44. Qe2 Qg4 45. Qe7+ Qg7 46. Qe2
d4 47. Qxh5+ Kg8 48. Qe8+ Kh7 49. Nf5 Qc7+ 50. g3 Bc8 51. Qh5+ Kg8 52. Qg5+ Kf8
53. Qh6+ Ke8 54. Qh8+ Kd7 55. Qg7+ Kd8 56. Qf8+ 1-0

[Event "Frankfurt Ch 2014"]
[Site "Ffm-Höchst, BiKuZ"]
[Date "2014.05.12"]
[Round "3.56"]
[White "Stulken, Dietmar"]
[Black "Knott, Tilo"]
[Result "0-1"]
[WhiteElo "1391"]
[BlackElo "1571"]
[PlyCount "70"]
[EventDate "2014.??.??"]
[WhiteTeam "SF Frankfurt 1921"]
[BlackTeam "SC Brett vorm Kopp Ffm"]

1. e4 d5 2. exd5 Qxd5 3. Nc3 Qa5 4. d4 c6 5. Nf3 Bg4 6. h3 Bh5 7. Bc4 Nf6 8.
Bd2 Qc7 9. O-O e6 10. Be2 Bd6 11. Bg5 Nbd7 12. Nd2 Bg6 13. Nc4 Bf4 14. Bxf4
Qxf4 15. Bf3 O-O 16. Ne2 Qc7 17. c3 Rad8 18. Ng3 e5 19. Re1 Rfe8 20. Ne4 Nxe4
21. Bxe4 b5 22. Bxg6 hxg6 23. Na3 exd4 24. Rxe8+ Rxe8 25. Qxd4 Nf6 26. Rd1 a6
27. b4 Nd5 28. Nc2 Nf4 29. Kf1 Nd5 30. Ne3 Qh2 31. Rd3 Nf4 32. Ke1 Qg1+ 33. Kd2
Qxf2+ 34. Kd1 Qe2+ 35. Kc1 Nxd3+ 0-1

[Event "Frankfurt Ch 2014"]
[Site "Ffm-Höchst, BiKuZ"]
[Date "2014.05.12"]
[Round "3.57"]
[White "Mehl, Ulrich"]
[Black "Dümmler, Rudolf"]
[Result "1-0"]
[WhiteElo "1570"]
[BlackElo "1170"]
[PlyCount "75"]
[EventDate "2014.??.??"]
[WhiteTeam "SAbt TSG Nieder-Erlenbach 1888"]
[BlackTeam "SAbt TuS Makkabi Ffm"]

1. f4 d5 2. Nf3 e6 3. e3 c5 4. b3 Nc6 5. Bb2 Nf6 6. Be2 Be7 7. O-O O-O 8. d3 a6
9. Nbd2 b5 10. Kh1 Ng4 11. Qe1 Nxe3 12. Qg3 Bf6 13. Bxf6 Qxf6 14. Rfc1 Nxc2 15.
Rab1 N2d4 16. Bf1 Bb7 17. Rxc5 Rac8 18. Rbc1 Nf5 19. Qf2 Ncd4 20. Ne5 Qe7 21.
Rxc8 Rxc8 22. Rxc8+ Bxc8 23. g4 Qh4 24. Qg1 Bb7 25. Nef3 Nxf3 26. Nxf3 Qh6 27.
Qb6 g6 28. gxf5 Qxf4 29. Bg2 Qc1+ 30. Ng1 Qc8 31. fxe6 fxe6 32. d4 Kg7 33. Qc5
Bc6 34. Nf3 Qe8 35. Qa7+ Kf6 36. Qxh7 Bd7 37. Ne5 Bc8 38. Bf1 1-0